000 02222nam0a2200337 i 4500
001 RU\NLR\bibl\1890474
005 20260407081600.0
010 _a9785911331153
021 _aRU
_b2012-20092
_91518
035 _a(nilc)RSL-KNO-005412018
035 _a(NLR Aleph) 001880168
090 _a2779869
_c2779869
100 _a20120402d2011 u y0rusy50 ca
101 0 _arus
102 _aRU
105 _ay |||||||||
200 1 _aМетодические основы производства заочных и посмертных судебных психологических экспертиз в гражданском процессе
_e(по материалам дела)
_eметодические рекомендации для экспертов
_fМ-во здравоохранения и социального развития Российской Федерации, Гос. науч. центр социальной и судебной психиатрии им. В. П. Сербского Федерального агентства по здравоохранению и социальному развитию, Российский федеральный центр судебной экспертизы при М-ве юстиции Российской Федерации
210 _aМосква
_cЭКОМ Паблишерз
_d2011
215 _a61 с.
_d20
320 _aБиблиогр.: с. 58-59
606 1 _aСудебно-психологическая экспертиза
_jМетодические пособия
_xГражданско-процессуальные вопросы
_yРоссийская Федерация
_92070912
_3RU\NLR\auth\661245654
610 0 _aсудебно-психологическая экспертиза
686 _aХ629.214.13,07
_2rubbk
686 _aХ629.214.13я7
712 0 2 _4570
_aГосударственный научный центр социальной и судебной психиатрии им. В. П. Сербского
_cМосква
_3RU\NLR\AUTH\887205
_9286474
801 0 _aRU
_bRuMoRKP
_c20120402
_grcr
801 1 _aRU
_bРГБ
_c20120402
801 2 _aRU
_bNLR
_c20120409
_grcr
942 _cBOOK
980 _aNBR